000 00553nam a2200193Ia 4500
003 IN-BaIIA
008 211028s9999 xx 000 0 eng d
020 _a0-910533-00-8
040 _cIIA Library
080 _a521.03
_bHAR
100 _aHarwit, Martin
_97978
245 0 _aAstrophysical concepts
_cMartin Harwit
260 _aIthaca
_bConcepts
_c1973
300 _axiv, 561p.
650 _aAstronomy
_980
650 _aAstronomy and astrophysics thesaurus
650 _aAstrophysics
_9794
942 _cBK
999 _c8014
_d8014